01870nam a2200481 i 450000100060000000300080000600500170001400600190003100700150005000800410006502000270010603500230013303500240015603500250018003500210020504000310022605000210025708000080027808200170028610000310030324501210033426400740045530000400052933600310056933700330060033800430063349000280067650000220070450400290072658801270075559001590088265000270104165000290106865000270109765000280112465500270115270000420117970000440122179700190126583000250128485600620130999900170137158279FlNmELB20241216233010.0m o d | cr cnu||||||||170124s2004 mx ob 001 0 spa d a9789703215775 (e-book) a(MiAaPQ)EBC4760852 a(Au-PeEL)EBL4760852 a(CaPaEBR)ebr11312830 a(OCoLC)984813257 aFINmELBbspaerdacFINmELB 4aQK567bC287 2004 a5790 a579.80122231 aCarmona Jiménez, Javier.10aAlgas :bglosario ilustrado /cJavier Carmona Jiménez, Marco A. Hernández Muñoz, Mónica Ramírez Vázquez. 1aMéxico D.F. :bUniversidad Nacional Autónoma de México,c[2004] a1 recurso en línea (82 páginas) atextobtxt2rdacontent/spa acomputadorabc2rdamedia/spa arecurso en líneabcr2rdacarrier/spa1 aLas prensas de ciencias aIncluye índice. aContiene bibliografía. aDescripción basada en recurso en línea; Título de la página del título en PDF (e-libro, visto January 24, 2017). aRecurso electronico. Santa Fe, Arg. : e-libro, 2016. Disponible via World Wide Web. El acceso puede ser limitado para las bibliotecas afiliadas a e-libro. 0aAlgaexIdentification. 4aAlgasxIdentificación. 0aAlgaexClassification. 4aAlgasxClasificación. 4aLibros electrónicos.1 aHernández Muñoz, Marco A,eautor.1 aRamírez Vázquez, Mónica,eautora.2 ae-libro, Corp. 0aPrensas de ciencias.40uhttps://elibro.net/ereader/politecnicointernacional/74417 c58279d58279